| 000 | 01309cam a2200349 i 4500 | ||
|---|---|---|---|
| 001 | 200440133 | ||
| 999 |
_c200440133 _d58345 |
||
| 003 | TR-AnTOB | ||
| 005 | 20240824073707.0 | ||
| 007 | ta | ||
| 008 | 790913s1979 dcu b i000 0 eng | ||
| 010 | _a79314791 | ||
| 015 | _aF*** | ||
| 020 | _a9264118969 | ||
| 040 |
_aDLC _beng _erda _cDLC _dTR-AnTOB |
||
| 041 | 0 | _aeng | |
| 049 | _aEEM1 | ||
| 050 | 0 | 0 |
_aHJ4132 _b.O73 1979 |
| 086 |
_aOECD _aT235n _a1979 |
||
| 090 |
_aTOBBK HJ4132 _b.O73 1979 |
||
| 110 | 2 |
_aOrganisation for Economic Co-operation and Development _bCommittee on Fiscal Affairs. _0http://id.loc.gov/authorities/names/n80089880. _933753 |
|
| 245 | 1 | 4 |
_aThe taxation of net wealth, capital transfers, and capital gains of individuals : _breport of the OECD Committee on Fiscal Affairs, 1979. |
| 264 | 2 |
_a[Washington, D.C. : _bsold by OECD Publications and Information Center], _c1979. |
|
| 300 |
_a195 pages ; _c25 cm |
||
| 336 |
_atext _btxt _2rdacontent. |
||
| 337 |
_aunmediated _bn _2rdamedia. |
||
| 338 |
_avolume _bnc _2rdacarrier. |
||
| 650 | 0 |
_aCapital levy _0http://id.loc.gov/authorities/subjects/sh85019943. _953024 |
|
| 650 | 0 |
_aTaxation of personal property. _0http://id.loc.gov/authorities/subjects/sh85132880. |
|
| 942 |
_2z _cBK |
||